| 000 | 00993nas a2200301 4500 | ||
|---|---|---|---|
| 001 | BR2016003572 | ||
| 003 | BR-BrBNA | ||
| 005 | 20231205130536.0 | ||
| 007 | ta | ||
| 008 | 230509b bl.|||p| |||| 00| 00por d | ||
| 040 |
_aBR-BrBNA _bpor _cBiblioteca Nacional de Agricultura |
||
| 041 | _a(En) | ||
| 072 | _aP34; K10 | ||
| 100 | 1 | _aCarmo, E.R. do | |
| 100 | 1 | _aSilva, C.F. da | |
| 100 | 1 | _aFreitas, M.S.M. | |
| 100 | 1 | _aLima, K.B. | |
| 100 | 1 | _aMartins, M.A. | |
| 245 | 1 | _aProduction of australian cedar seedlings inoculated with arbuscular mycorrhizal jungi in different types of containers | |
| 650 | _aCEDRO AUSTRALIANO | ||
| 650 | _aMUDA | ||
| 650 | _aINOCULAÇÃO | ||
| 650 | _aMICORRIZA VESICULAR ARBUSCULAR | ||
| 773 | 0 |
_tRevista Árvore (Brazil) _xISSN 1806-9088 _g(Mar-Apr 2016), v. 40(2) p. 269-278 _wBR2016003572 |
|
| 856 | 4 | 0 | _uhttp://www.scielo.br/pdf/rarv/v40n2/0100-6762-rarv-40-02-0269.pdf |
| 909 |
_a202311 _bLúcia _c55 _dLúcia Elande |
||
| 942 |
_2AGRIS _n0 _cANA |
||
| 999 |
_c250022 _d250022 |
||